1160 1548 1899 1341 1288 1571 1180 1357 1792 1719 1565 1272 1254 1873 1044 1262 1590 1626 1613 1099 1177 1487 1319 1140 1806 1039 1346 1794 1988 1339 1676 1236 1411 1756 1828 1925 1526 1363 1256 1957 1362 1433 1307 1308 1893 1326 1247 1836 1424 1683 1447 1257 1018 1819 1123 1337 1772 1193 1997 1373 1148 1458 1262 1054 1886 1939 1343 1304 1816 1637 1898 1425 1743 1748 1120 1629 1822 1664 1381 1771 1455 1598 1905 1160 1025 1660 1770 1593 1704 1252 1462 1093 1969 1368 1475 1617 1848 1729 1118 BCNSPRNW ULIB Ver.6.0+V

เปลี่ยนเป็นภาษาไทย

Change to English
 แสดงรายละเอียดบรรณานุกรม
  กลับหน้าหลัก

Brief Record : Get Marc (ISO 2709) : E-mail record : QR code < ปิดหน้าต่าง
LEADER : 00000nam 2200000uu 4500
001    13399122768
003     ULIB
008    130917s2555||||th 000 0 tha d
020    ^a9789740330356
060  4 ^aQU145.5^bอ525อ
100    ^aอัญชลี ศรีจำเริญ
245    ^aอาหารเพื่อสุขภาพ:สารอาหารเชิงพันธภาพแลกลไกการทำงาน
260    ^aจุฬาลงกรณ์ :^bกรุงเทพมหานคร,^c2555
300    ^a181 หน้า
650    ^aอาหารเพื่อสุขภาพ^xอาหารฟังก์ชัน
945    ^p160^l0^i20217
999    ^aทศพร เกษรทอง
รายการนี้ยังไม่มีแท็ก
คุณยังไม่ได้ล็อกอิน คุณสามารถมีกิจกรรมร่วมกับเว็บไซต์ได้ แต่ต้องล็อกอินก่อน ::
  ล็อกอิน

รายการสื่อสารสนเทศ

ลำดับที่ ประเภท เลขเรียก/บาร์โค้ด สถานที่ สถานะ
1. วิทยาศาสตร์การแพทย์ และสุขภาพ
วิทยาศาสตร์การแพทย์ และสุขภาพ
สถานะ=หนังสือเก่า
QU145.5 อ525อ ฉ.1 
  Barcode: 20217
ห้องสมุดวิทยาเขตนครสวรรค์
►ส่วนจัดเก็บหนังสือเก่า นว.
บนชั้น
  ขอยืม

รายการใกล้เคียง
    ชื่อเรื่อง [อาหารเพื่อสุขภาพ:สารอาหารเชิงพันธภาพแลกลไกการทำงาน]

    ผู้แต่ง [อัญชลี ศรีจำเริญ]

BibComment


ยังไม่เคยถูกคอมเมนท์

คอมเมนท์ทรัพยากรรายการนี้
  คอมเมนท์: อาหารเพื่อสุขภาพ..


 Copyright 2026. Bcnsprnw @Library